Soviet union in the Asia-Pacific region (Record no. 481751)

000 -LEADER
fixed length control field 00729cam a22001817a 4500
008 - FIXED-LENGTH DATA ELEMENTS--GENERAL INFORMATION
fixed length control field 180718b1989 xxu||||| |||| 00| 0 eng d
082 ## - DEWEY DECIMAL CLASSIFICATION NUMBER
Classification number Dx47 So63
245 ## - TITLE STATEMENT
Title Soviet union in the Asia-Pacific region
Statement of responsibility, etc. edited by Lau Teik Soon and Bilveer Singh
260 ## - PUBLICATION, DISTRIBUTION, ETC.
Place of publication, distribution, etc. Singapore
Name of publisher, distributor, etc. Heinemann Asia
Date of publication, distribution, etc. 1989
300 ## - PHYSICAL DESCRIPTION
Extent 212p.
650 ## - SUBJECT ADDED ENTRY--TOPICAL TERM
Topical term or geographic name entry element Soviet Union --Foreign relations --1975-
650 ## - SUBJECT ADDED ENTRY--TOPICAL TERM
Topical term or geographic name entry element Soviet Union --Foreign relations --East Asia --Congresses
650 ## - SUBJECT ADDED ENTRY--TOPICAL TERM
Topical term or geographic name entry element East Asia --Foreign relations --Soviet Union --Congresses
650 ## - SUBJECT ADDED ENTRY--TOPICAL TERM
Topical term or geographic name entry element Soviet Union --Foreign relations --Southeast Asia --Congresses
650 ## - SUBJECT ADDED ENTRY--TOPICAL TERM
Topical term or geographic name entry element Southeast Asia --Foreign relations --Soviet Union --Congresses
700 ## - ADDED ENTRY--PERSONAL NAME
Personal name Singh, Bilveer
700 ## - ADDED ENTRY--PERSONAL NAME
Personal name Soon, Lau Teik
Holdings
Withdrawn status Lost status Damaged status Not for loan Permanent Location Current Location Date acquired Full call number Barcode Date last seen Price effective from Koha item type
        Indian Institute of Public Administration Indian Institute of Public Administration 2018-08-04 Dx47 So63 GR14058 2018-08-04 2018-08-04 GR

Powered by Koha